| 000 | 01084nam a22002297a 4500 | ||
|---|---|---|---|
| 003 | OSt | ||
| 005 | 20220425094139.0 | ||
| 008 | 110301s2016 dr a 000 0 spa d | ||
| 040 |
_aDO-SdBNP _bspa _cBNPHU |
||
| 082 |
_axxxx _bxxx |
||
| 100 | 1 |
_aCabrera, Angela _953018 |
|
| 245 | 1 | 3 |
_aEl amor en la familia : _b13 consejos para amar hasta la santidad / _cAngela Cabrera ; revisión José Dolores Grullón Estrella |
| 250 | _a2a. ed. | ||
| 260 |
_aSanto Domingo : _bInstituto Nacional de Pastoral, _c2016 |
||
| 300 |
_a43 p. : _bil. _c22 cm. |
||
| 504 | _aBibliografía p: 43 | ||
| 505 | 0 |
_gPresentación -- _gPrimera carta a los Corintios 13,4-7 -- _tCultivar la paciencia -- _tActitud de servicio -- _tSanando la envidia -- _t Sin hacer alarde ni agrandarse -- _tAmabilidad -- _tDesprendimiento -- _tSin violencia interior -- _tPerdón -- _tAlegrarse con los demás -- _tDisculpa todo -- _tConfía -- _tEspera -- _tSoporta todo -- _tConsideraciones finales / |
|
| 590 | _aInventariado, 2022/ YL | ||
| 700 | 1 | 2 |
_4Grullón Estrella, José Dolores _erev. |
| 910 | _aYLockward | ||
| 942 |
_2ddc _cLF2 |
||
| 999 |
_c51567 _d51567 |
||